| 000 | 02872cam a2200385 a 4500 | ||
|---|---|---|---|
| 001 | 14824658 | ||
| 003 | Nust- CAS-E | ||
| 005 | 20180118181356.0 | ||
| 008 | 070426s2008 flua b 001 0 eng | ||
| 010 | _a 2007016833 | ||
| 020 | _a9781420046670 | ||
| 020 | _a1420046675 | ||
| 035 | _a(OCoLC)ocn123912502 | ||
| 035 | _a(OCoLC)123912502 | ||
| 040 |
_aDLC _cDLC _dBAKER _dBTCTA _dC#P _dAGL _dYDXCP _dDLC |
||
| 050 | 0 | 0 |
_aHD9000.6 _b.P55 2008 |
| 082 | 0 | 0 |
_a338.19 _222 _bPIM 2008 |
| 100 | 1 |
_aPimentel, David, _d1925- |
|
| 245 | 1 | 0 |
_aFood, energy, and society / _cDavid Pimentel, Marcia H. Pimentel. |
| 250 | _a3rd ed. | ||
| 260 |
_aBoca Raton, FL : _bCRC Press, _cc2008. |
||
| 300 |
_axix, 380 p. : _bill. ; _c25 cm. |
||
| 500 | _aChapters by other authors as well. | ||
| 504 | _aIncludes bibliographical references and index. | ||
| 505 | 0 | _aEnergy and society -- Energy and power -- Solar energy in natural and managed ecosystems -- Ecological systems, natural resources, and food supplies -- Manipulating ecosystems for agriculture -- Hunter-gatherers and early agriculture-- Early livestock systems and animal power -- Livestock production and energy use -- Energy use in fish and aquacultural production / David Pimentel, Roland E. Shanks, and Jason C. Rylander -- Energy use in grain and legume production -- Energy use in fruit, vegetable, and forage production -- Energy inputs in crop production in developing and developed countries / David Pimentel ... [et al.] -- Environmental and economic costs of the application of pesticides primarily in the United States -- Water resources: agricultural and environmental issues / David Pimentel ... [et al.] -- Soil erosion: a food and environmental threat -- Conservation of biological diversity in agricultural, forestry, and marine systems / David Pimentel ... [et al.] -- Food processing, packaging, and preparation -- Transport of agricultural supplies and foods -- Renewable energy: current and potential issues / David Pimentel ... [et al.] -- Biomass: food versus fuel / David Pimentel ... [et al.] -- Ethanol production using corn, switchgrass, and wood; biodiesel production using soybean and sunflower / David Pimentel and Tad W. Patzek -- U.S. energy conservation and efficiency: benefits and costs / David Pimentel ... [et al.] -- Summing up: options and solutions. | |
| 650 | 0 | _aFood supply. | |
| 650 | 0 | _aPower resources. | |
| 650 | 0 |
_aAgriculture _xEnergy consumption. |
|
| 700 | 1 | _aPimentel, Marcia. | |
| 856 | 4 | 1 |
_3Table of contents only _uhttp://www.loc.gov/catdir/toc/ecip0716/2007016833.html |
| 856 | 4 | 2 |
_3Publisher description _uhttp://www.loc.gov/catdir/enhancements/fy0827/2007016833-d.html |
| 906 |
_a7 _bcbc _corignew _d1 _eecip _f20 _gy-gencatlg |
||
| 942 |
_2ddc _cBK |
||
| 999 |
_c355288 _d355288 |
||